Представление документа в формате RUSMARC

ПолеНазваниеЗначение
  Тип записи a
  Библиографический уровень m
001 Контрольный номер RU/CBS_UL/BASE/935e4e52d4eb422dab15c19470ef24b4
005 Дата корректировки 20230918111812.6
010 Индекс ISBN __
d Цена 879 р. 00 к.
9 Тираж экз.
100 Данные общей обработки __
a Данные общей обработки 20230918d 0rusy0189## ca
101 Язык документа 0_
a Язык текста rus
102 Страна публикации __
a Страна публикации RU
200 Заглавие и сведения об ответственности 1_
a Заглавие Рассказы об ученых и путешественниках
f Первые сведения об ответственности Э.М. Мурзаев
210 Выходные данные 1_
a Место издания Москва
c Издательство Мысль
d Дата издания 1979
215 Физическое описание __
a Объем 176 с.
d Формат см.
300 Общие примечания __
a Общие примечания 16+
300 Общие примечания __
a Общие примечания Под инв. номером 55186: 8-1, 28-1
606 Тематические рубрики 0_
a Основная рубрика Географическая наука в СССР - История
610 Ключевые слова 0_
a Ключевые слова географическая наука; ученые; путешественники
686 Индексы других классификаций __
2 Код системы rubbk
a Классификационный индекс 26.8г
700 Автор _1
a Фамилия Мурзаев
b Имя (инициалы) Э. М.
g Полное личное имя Эдуард Макарович
801 Источник записи _0
a Страна RU
b Организация МБУК ЦБС г. Ульяновска
c Дата составления 20230918
g Правила каталогизации RCR
801 Источник записи _1
a Страна RU
b Организация МБУК ЦБС г. Ульяновска
c Дата составления 20230918
g Правила каталогизации RCR
852 Данные о местонахождении __
i Авторский знак М 91
j Шифр хранения 26.8
901 Тип документа __
t Тип документа m